| 000 | 00376nam a22001697a 4500 | ||
|---|---|---|---|
| 005 | 20240207165545.0 | ||
| 008 | 160701b xxu||||| |||| 00| 0 eng d | ||
| 020 | _a81-7164-006-0 | ||
| 041 | _aeng | ||
| 082 | _b20537 | ||
| 100 | _aCHADHA, DR. K.L. | ||
| 245 | _aHANDBOOK OF HORTICULTURE | ||
| 260 |
_bICAR _c2015 |
||
| 300 | _a1056 | ||
| 650 | _aAgriculture | ||
| 942 | _cBK | ||
| 999 |
_c5090 _d5088 |
||